000 00355 a2200157 4500
001 75257
020 _a9788587779366
040 _cAnchieta - Colégio São Paulo
100 _aLessing, Gotthold Ephraim
240 1 0 _aNatan, o sábio
_lpor
245 1 0 _aNatan, o sábio
300 _a36
362 0 _a2014
650 4 _aLiteratura juvenil
942 _cBK
999 _c75257
_d75257